ბათუმის შოთა რუსთაველის სახელმწიფო უნივერსიტეტის ბიბლიოთეკა

Материальная культура / (ბიბ.ჩანაწერი № 61065)

000 -LEADER
fixed length control field 00749nam a22001937a 4500
005 - DATE AND TIME OF LATEST TRANSACTION
control field 20231213144021.0
008 - FIXED-LENGTH DATA ELEMENTS--GENERAL INFORMATION
fixed length control field 231213s1989 ru ||||| |||| 00| 0 rus d
020 ## - INTERNATIONAL STANDARD BOOK NUMBER
International Standard Book Number 5020099597
041 ## - LANGUAGE CODE
Language code of text/sound track or separate title rus
080 ## - UNIVERSAL DECIMAL CLASSIFICATION NUMBER
Universal Decimal Classification number 902.7(38) M-33
245 ## - TITLE STATEMENT
Title Материальная культура /
Remainder of title Выпуск 3.
Statement of responsibility, etc. Отв. ред. С. А. Арутюнов.
264 ## - PRODUCTION, PUBLICATION, DISTRIBUTION, MANUFACTURE, AND COPYRIGHT NOTICE
Place of production, publication, distribution, manufacture М.
Name of producer, publisher, distributor, manufacturer Наука,
Date of production, publication, distribution, manufacture, or copyright notice 1989.
300 ## - PHYSICAL DESCRIPTION
Extent 222 с.;
Other physical details 21 см.
440 ## - SERIES STATEMENT/ADDED ENTRY--TITLE
Title Свод этнографических понятий и терминов
9 (RLIN) 20693
653 ## - INDEX TERM--UNCONTROLLED
keyword მატერიალური კულტურა
653 ## - INDEX TERM--UNCONTROLLED
keyword ეთნოგრაფია
700 ## - ADDED ENTRY--PERSONAL NAME
Personal name Арутюнов, С. А.
Relator term რედაქტორი
9 (RLIN) 20694
942 ## - ADDED ENTRY ELEMENTS (KOHA)
Source of classification or shelving scheme
Koha item type წიგნი
ეგზემპლარები
Withdrawn status Lost status Source of classification or shelving scheme Damaged status Not for loan Permanent Location Current Location Shelving location Date acquired Cost, normal purchase price Full call number Barcode Date last seen Copy number Uniform Resource Identifier Price effective from Koha item type Public note
          ბათუმის შოთა რუსთაველის სახელმწიფო უნივერსიტეტის მთავარი ბიბლიოთეკა ბათუმის შოთა რუსთაველის სახელმწიფო უნივერსიტეტის მთავარი ბიბლიოთეკა წიგნსაცავი 2023-12-13 8.00 902.7(38) M-33 65591 2023-12-13 65591 ბსუ-ს საპატიო დოქტორის გურამ ლორთქიფანიძის საჩუქარი 2023-12-13 წიგნი 8 ლ.